000 00640nam a22002177a 4500
999 _c2850
_d2850
003 AR-CdUCM
008 190305b ||||| |||| 00| 0 spa d
040 _aMUNICIPALIDAD PROVINCIAL DEL CUSCO
_cBIBLIOTECA MUNICIPAL DEL CUSCO
082 _a868.57 /
_bP43
100 _aDe Pereda, José María
_9361
245 _aEscenas Montañesas /
260 _aBuenos Aires :
_bKapelusz,
_c1957.
300 _a111 paginas ;
_c14cm.
650 _aTextos Españoles
_99879
650 _aSiglo XIX
_9971
650 _aLiteratura
_983
650 _aHyspano
_99880
700 _aEstrella Gutierrez, Fermín
_99881
942 _2ddc
_cLIBROS
945 _apjha